|
|
|
|
| LEADER |
00000ckm a2200000 a 4500 |
| 001 |
vtls011578367 |
| 003 |
SK-MaSNL |
| 005 |
20260512125142.0 |
| 007 |
kp bo |
| 008 |
240131s1954 xo gg kuslo |
| 015 |
|
|
|a SNBG1954
|
| 035 |
|
|
|a urn:nbn:sk:snk-km00dz2h
|
| 035 |
|
|
|a urn:nbn:sk:snk-km3lpg3
|
| 035 |
|
|
|a 1399FD09-1151-40F8-B3B3-3E767281954B
|
| 040 |
|
|
|a SNK
|b slo
|c SNK
|e AACR2
|
| 041 |
0 |
|
|a slo
|
| 043 |
|
|
|a e-xo---
|
| 044 |
|
|
|a xo
|c SK
|
| 072 |
|
7 |
|a 913
|x Regionálna geografia
|2 konspekt
|
| 080 |
|
|
|a 711.455:615.838
|2 2011
|
| 080 |
|
|
|a 913(437.6)
|2 2011
|
| 080 |
|
|
|a (084.121)
|2 2011
|
| 080 |
|
|
|a 712.253
|2 2011
|
| 080 |
|
|
|a 712.5
|2 2011
|
| 080 |
|
|
|a 725.948
|2 2011
|
| 080 |
|
|
|a 730
|2 2011
|
| 245 |
0 |
0 |
|a Štátne kúpele Piešťany
|h grafika
|b Liečebný dom Thermia
|
| 260 |
|
|
|a Bratislava
|b Tvar
|c 1954
|
| 300 |
|
|
|a 1 pohľadnica
|b čiernobiela
|c 11 x 15 cm
|
| 520 |
8 |
|
|a Zobrazenie: Pohľad na kúpele Thermia Palace v pozadí za stromami z kúpeľného parku. V popredí je záhradné jazierko s fontánou a sochou. Vpravo na okraji jazierka je ďalšia socha. V okolí jazierka sú kvetinové záhony. V pozadí na okraji trávnika vidno dva rady hustých listnatých stromov vpravo aj vľavo a medzi nimi sú viac v pozadí rôzne nižšie stromy a kríky
|
| 650 |
0 |
7 |
|a kúpele
|2 SNKPH
|9 1139
|
| 650 |
0 |
7 |
|a parky
|2 SNKPH
|9 2942
|
| 650 |
0 |
7 |
|a záhradné jazierka
|2 SNKPH
|9 67820
|
| 650 |
0 |
7 |
|a fontány
|2 SNKPH
|9 3014
|
| 650 |
0 |
7 |
|a sochy
|2 SNKPH
|9 29846
|
| 651 |
|
7 |
|a Piešťany (Slovensko)
|2 SNKPHgeo
|9 23981
|
| 655 |
|
7 |
|a miestne pohľadnice
|2 SNKPH
|9 70510
|
| 852 |
|
|
|a Slovenská národná knižnica
|
| 958 |
|
|
|a GBN
|
| 958 |
|
|
|a GC
|
| 958 |
|
|
|a OND
|
| 958 |
|
|
|a EUIPO
|
| 999 |
|
|
|c 1018676
|d 1020606
|
| 952 |
|
|
|a SNK
|b SNK
|y PREZ
|7 0
|p 17A1209084
|o snkSP 22365
|z Pohľadnica prešla poštou.
|0 0
|1 0
|4 0
|d 2016-09-07
|f 1
|l 0
|r 2026-02-24 13:16:21
|w 2026-02-24
|